WordPerfect: guía del usuario

Kaydedildi:
Detaylı Bibliyografya
Yazar: Kelly, Susan Baake (Yazar)
Materyal Türü: Kitap
Dil:İngilizce
Baskı/Yayın Bilgisi: Miami Macrobit 1989
Konular:
Etiketler: Etiketle
Etiket eklenmemiş, İlk siz ekleyin!

MARC

LEADER 00000nam a2200000 a 4500
001 UCV6907
003 CL-VaPUC
008 930414e19890000US |||||||||||||||||eng|d
082 0 4 |a 005.369  |b KEL  |2 21 
100 0 |a Kelly, Susan Baake  |e author  |9 300914 
245 1 0 |a WordPerfect: guía del usuario 
300 |a 291 p 
942 |c BK 
945 |d 19930414 00:00:00 
260 |a Miami  |b Macrobit  |c 1989 
650 0 |a WordPerfect  |x Programa para computador  |9 259821 
650 0 |a Programas de computadores   |9 260046 
650 7 |a PROCESAMIENTO DE PALABRAS  |2 CL-VaPUC  |9 263859 
650 7 |a PROGRAMAS PARA COMPUTADOR  |2 CL-VaPUC  |9 300915 
650 0 |a Software  |9 387312 
583 |a last modification  |c 19930414 00:00:00  |k Rodrigo Vera 
999 |c 212721  |d 212719 
952 |0 0  |1 0  |4 0  |6 005_369000000000000_KEL_1989  |7 0  |8 A  |9 194190  |a BIBING  |b BIBING  |d 2019-11-14  |i 2623536  |o 005.369 KEL 1989  |p 2623536  |r 2025-01-20  |w 2019-11-14  |y BK  |k EII